Т. 10 : Издания, вышедшие из печати в 1965 г.; Библиография изданий Академии наук СССР

מידע ביבליוגרפי
Parent link:Библиография изданий Академии наук СССР: ежегодник/ Академия наук СССР, Библиотека АН СССР. Т. 10 : Издания, вышедшие из печати в 1965 г..— , 1957 -.
מחברים אחרים: Белявская О. П. (составитель), Васильева В. А. (редактор), Воронова М. В., Свиридова К. А., Чуркин Т. Я., Луппов С. П.
שפה:רוסית
יצא לאור: 1967
נושאים:
פורמט: ספר
KOHA link:https://koha.lib.tpu.ru/cgi-bin/koha/opac-detail.pl?biblionumber=90814

MARC

LEADER 00000nam2a2200000 4500
001 90814
005 20231031103728.0
035 |a (RuTPU)RU\TPU\book\97373 
035 |a RU\TPU\book\97312 
090 |a 90814 
100 |a 20060215d1967 k y0rusy50 ca 
101 0 |a rus 
102 |a RU 
105 |a y a 001zy 
200 0 |a Т. 10 : Издания, вышедшие из печати в 1965 г.  |f сост. О. П. Белявская, В. А. Васильева, М. В. Воронова, К. А. Свиридова, Т. Я. Чуркин; под ред. С. П. Луппова 
210 |d 1967 
215 |a 1066 с. 
320 |a Указ. в конце кн.: с. 632 - 1066. 
461 1 |0 (RuTPU)RU\TPU\book\97018  |t Библиография изданий Академии наук СССР  |o ежегодник  |f Академия наук СССР, Библиотека АН СССР  |v Т. 10 : Издания, вышедшие из печати в 1965 г.  |d 1957 -. 
610 1 |a Академия наук СССР 
610 1 |a научно-исследовательские работы 
610 1 |a библиографический учет 
610 1 |a библиографические указатели 
610 1 |a ежегодники 
675 |a 013  |v 3 
702 1 |a Белявская  |b О. П.  |4 220 
702 1 |a Васильева  |b В. А.  |4 220 
702 1 |a Воронова  |b М. В.  |4 220 
702 1 |a Свиридова  |b К. А.  |4 220 
702 1 |a Чуркин  |b Т. Я.  |4 220 
702 1 |a Луппов  |b С. П.  |4 340 
801 1 |a RU  |b 63413507  |c 20060209  |g PSBO 
801 2 |a RU  |b 63413507  |c 20120515  |g PSBO 
942 |c BK